000 00391pab a2200157 454500
008 180718b2012 xxu||||| |||| 00| 0 eng d
100 _ansKhanduri, Chandra
245 _aKautilyaメs arthsastra : The wonder it was & the wonder it remai
260 _c2012
300 _ayap.555-56
362 _aOct-Dec
650 _aB.Kautil
773 _aUSI Journal
908 _a4
909 _a98100
999 _c98099
_d98099